000
00340nam a22001457a 4500
008
230901b ||||| |||| 00| 0 eng d
020
_a
0060647604
041
_a
eng
080
_2
VOLUME ONE
_a
101
082
_a
101KOH
100
_a
44
101
_a
FILOZ
245
_a
THE PHILOSOPHY OF MORAL DEVELOPMENT
_c
KOHLBERG .L
942
_2
udc
_c
BK
999
_c
60246
_d
60246